| 000 | 00806nmc a2200301 a 4500 | ||
|---|---|---|---|
| 003 | AR-BaBNM | ||
| 005 | 20251128211804.0 | ||
| 008 | 146020s2002 ||||||||||||||000 | spa|| | ||
| 020 | _a84-206-6502-9 | ||
| 040 | _cAR-BaBNM | ||
| 100 | 1 | _aBruner, Jerome S. | |
| 245 | 1 | 0 | _aAcción, pensamiento y lenguaje |
| 250 | _a1ª ed. | ||
| 260 |
_aMadrid _bAlianza Editorial _c2002 |
||
| 300 | 0 | _a232 p. | |
| 490 | 0 |
_aAlianza Psicología _v2 |
|
| 504 | _aContiene referencias bibliográficas | ||
| 650 | 4 | _aPSICOLOGIA DE LA EDUCACION | |
| 650 | 4 | _aLENGUAJE | |
| 650 | 4 | _aPROCESO COGNOSCITIVO | |
| 650 | 4 | _aPENSAMIENTO | |
| 650 | 4 | _aDIDACTICA | |
| 653 | 0 | _aPSICOLOGIA COGNITIVA | |
| 653 | 0 | _aPSICOLOGIA SOCIOHISTORICA | |
| 700 | 1 |
_aLinaza, J. _ecompilador |
|
| 942 | _cBK | ||
| 998 | _cme-solo cat | ||
| 999 |
_c21122 _d21122 |
||